000 00407nam a2200169Ia 4500
003 GCL
008 140319s9999 xx 000 0 eng d
040 _aGCL /
_cGCL
082 0 4 _a843
_bM S
100 1 _aMEMMI, ALBERT
245 1 0 _aLA STATUE DE SEL /
_cMEMMI, ALBERT
260 _a[S.N] :
_bFOLIO ،
_c1993
300 _a377 P
650 0 4 _aLITERATURE
650 0 4 _aFRENCH LITERATURE
942 _2ddc
_cBK
999 _c21710
_d21710